000 00408 a2200145 4500
001 55038
020 _a9780534524180
082 _a150.7222 MCB
090 _c34141
_d34141
100 _aDonald H McBurney : Theresa L White
245 _aResearch methods,6th ed
_cDonald H McBurney : Theresa L White
250 _a6 Th
260 _aAustralia
_bThomson Wadsworth, Australia
_c2004
300 _axv 438 p
942 _aNUST-CAE
_k150.7222 MCB
999 _c290111
_d290111